000
002680000a22000970004500
100
1
_a
Busenitz, Amber
245
1
0
_a
A day in the life of... HSC
300
_a
Vol. 3, Num. 2 (Novienbre 2001-Enero 2002), Páginas 8-9
773
0
_t
Hope for Children in Crisis
942
_c
ANA
999
_c
55233
_d
55233